[Event "SS Manhem Chess Week 2016 GM and IM tournaments"]
[Site "Idrottsvägen 2, Mölnlycke, Sweden"]
[Date "2016.08.17"]
[Round "7.7"]
[White "Fries-Nielsen, Jens Ove"]
[Black "Ernst, Thomas"]
[Result "0-1"]
[BlackElo "2357"]
[WhiteElo "2369"]
[LiveChessVersion "1.4.8"]

1. d4 {[%clk 1:28:55]} Nf6 {[%clk 1:30:34]} 2. Nc3 {[%clk 1:29:14]} d5
{[%clk 1:30:48]} 3. Bf4 {[%clk 1:29:42]} e6 {[%clk 1:27:01]} 4. e3
{[%clk 1:29:51]} Bd6 {[%clk 1:26:57]} 5. Bxd6 {[%clk 1:27:02]} Qxd6
{[%clk 1:26:25]} 6. g4 {[%clk 1:26:39]} h6 {[%clk 1:23:06]} 7. Nf3
{[%clk 1:22:12]} Nxg4 {[%clk 1:14:33]} 8. Rg1 {[%clk 1:21:58]} Nxh2
{[%clk 1:14:34]} 9. Nb5 {[%clk 1:13:05]} Qb4+ {[%clk 0:54:28]} 10. c3
{[%clk 1:13:25]} Nxf3+ {[%clk 0:54:47]} 11. Qxf3 {[%clk 1:13:38]} Qxb2
{[%clk 0:55:11]} 12. Qd1 {[%clk 1:13:40]} Na6 {[%clk 0:55:27]} 13. Rg2
{[%clk 0:52:43]} Bd7 {[%clk 0:54:39]} 14. f4 {[%clk 0:43:05]} Qxg2
{[%clk 0:54:48]} 15. Bxg2 {[%clk 0:43:33]} Bxb5 {[%clk 0:54:53]} 16. Qb3
{[%clk 0:44:01]} Bc6 {[%clk 0:53:31]} 17. Qa3 {[%clk 0:43:56]} Nb8
{[%clk 0:49:52]} 18. Rb1 {[%clk 0:41:58]} Nd7 {[%clk 0:48:54]} 19. Kf2
{[%clk 0:37:05]} Nb6 {[%clk 0:44:00]} 20. Bf1 {[%clk 0:35:20]} Nc8
{[%clk 0:37:44]} 21. Bd3 {[%clk 0:34:51]} Nd6 {[%clk 0:37:17]} 22. Rg1
{[%clk 0:32:53]} g6 {[%clk 0:37:06]} 23. Qb3 {[%clk 0:32:54]} a6 {[%clk 0:36:10]}
24. Qb1 {[%clk 0:32:23]} O-O-O {[%clk 0:35:47]} 25. Qb4 {[%clk 0:32:24]} Bb5
{[%clk 0:35:40]} 26. Bc2 {[%clk 0:32:43]} b6 {[%clk 0:33:10]} 27. Qb1
{[%clk 0:32:26]} a5 {[%clk 0:32:57]} 28. a4 {[%clk 0:32:31]} Bc4 {[%clk 0:33:05]}
29. Bd3 {[%clk 0:31:32]} Bxd3 {[%clk 0:32:09]} 30. Qxd3 {[%clk 0:32:01]} g5
{[%clk 0:31:45]} 31. Ke1 {[%clk 0:30:55]} Rdg8 {[%clk 0:31:57]} 32. Rf1
{[%clk 0:28:41]} f5 {[%clk 0:31:34]} 33. Qa6+ {[%clk 0:28:13]} Kd7
{[%clk 0:31:46]} 34. Kd1 {[%clk 0:27:35]} g4 {[%clk 0:31:29]} 35. Kc1
{[%clk 0:27:42]} h5 {[%clk 0:31:38]} 36. c4 {[%clk 0:27:51]} 0-1

[Event "SS Manhem Chess Week 2016 GM and IM tournaments"]
[Site "Idrottsvägen 2, Mölnlycke, Sweden"]
[Date "2016.08.17"]
[Round "7.8"]
[White "Kumar, Rahul"]
[Black "Efroimski, Marsel"]
[Result "1/2-1/2"]
[BlackElo "2329"]
[WhiteElo "2184"]
[LiveChessVersion "1.4.8"]

1. e4 {[%clk 1:30:56]} c6 {[%clk 1:29:57]} 2. d4 {[%clk 1:29:08]} d5
{[%clk 1:30:17]} 3. exd5 {[%clk 1:26:54]} cxd5 {[%clk 1:30:39]} 4. Bd3
{[%clk 1:27:12]} Nc6 {[%clk 1:30:48]} 5. c3 {[%clk 1:27:19]} Nf6 {[%clk 1:22:05]}
6. Ne2 {[%clk 1:25:36]} g6 {[%clk 1:19:59]} 7. Ng3 {[%clk 1:24:39]} Qc7
{[%clk 1:16:22]} 8. Bg5 {[%clk 1:20:40]} Bg7 {[%clk 1:16:42]} 9. Qd2
{[%clk 1:20:57]} e5 {[%clk 1:13:48]} 10. dxe5 {[%clk 1:18:16]} Qxe5+
{[%clk 1:13:21]} 11. Qe3 {[%clk 1:13:46]} O-O {[%clk 0:58:35]} 12. O-O
{[%clk 1:09:25]} d4 {[%clk 0:50:54]} 13. cxd4 {[%clk 1:07:34]} Qxd4
{[%clk 0:51:16]} 14. Nc3 {[%clk 1:07:14]} Be6 {[%clk 0:46:13]} 15. Qxd4
{[%clk 1:04:09]} Nxd4 {[%clk 0:46:40]} 16. Rfd1 {[%clk 1:04:18]} Ng4
{[%clk 0:30:13]} 17. Rac1 {[%clk 0:47:00]} f5 {[%clk 0:25:42]} 18. Nge2
{[%clk 0:43:12]} h6 {[%clk 0:23:33]} 19. Be7 {[%clk 0:42:21]} Rfe8
{[%clk 0:19:37]} 20. Bc5 {[%clk 0:38:10]} Nxe2+ {[%clk 0:17:39]} 21. Bxe2
{[%clk 0:38:29]} Ne5 {[%clk 0:07:32]} 22. Nb5 {[%clk 0:32:57]} Rec8
{[%clk 0:07:01]} 23. b3 {[%clk 0:27:30]} a6 {[%clk 0:05:24]} 24. Nd6
{[%clk 0:22:20]} Rc7 {[%clk 0:05:49]} 25. Bb6 {[%clk 0:22:19]} Rxc1
{[%clk 0:03:00]} 26. Rxc1 {[%clk 0:22:39]} Nd7 {[%clk 0:02:10]} 27. Be3
{[%clk 0:22:28]} b5 {[%clk 0:01:21]} 28. Bf3 {[%clk 0:19:46]} Rf8
{[%clk 0:01:44]} 29. Bd2 {[%clk 0:15:36]} Ne5 {[%clk 0:01:41]} 30. Be2
{[%clk 0:13:35]} Rd8 {[%clk 0:01:11]} 31. Bb4 {[%clk 0:13:52]} Bd5
{[%clk 0:00:59]} 32. Nc8 {[%clk 0:12:03]} Bf8 {[%clk 0:00:37]} 33. Ne7+
{[%clk 0:11:22]} Bxe7 {[%clk 0:00:47]} 34. Bxe7 {[%clk 0:11:47]} Re8
{[%clk 0:00:46]} 35. Ba3 {[%clk 0:11:50]} Nc6 {[%clk 0:00:40]} 36. Bf1
{[%clk 0:11:44]} Kf7 {[%clk 0:00:38]} 37. Rd1 {[%clk 0:11:43]} Be6
{[%clk 0:00:42]} 38. Rd6 {[%clk 0:11:06]} Rc8 {[%clk 0:00:58]} 39. g3
{[%clk 0:10:44]} b4 {[%clk 0:00:47]} 40. Bb2 {[%clk 0:10:57]} Ke7
{[%clk 0:00:38]} 41. Rd2 {[%clk 0:11:06]} a5 {[%clk 0:29:55]} 42. Bb5
{[%clk 0:35:16]} Na7 {[%clk 0:27:59]} 43. Ba6 {[%clk 0:35:26]} Rc5
{[%clk 0:26:41]} 44. Bd4 {[%clk 0:32:48]} Rc1+ {[%clk 0:26:43]} 45. Kg2
{[%clk 0:33:09]} Nc6 {[%clk 0:20:20]} 46. Bg7 {[%clk 0:32:26]} h5
{[%clk 0:20:10]} 47. h4 {[%clk 0:29:32]} Rc5 {[%clk 0:19:58]} 48. Kf3
{[%clk 0:26:56]} Ne5+ {[%clk 0:12:14]} 49. Kf4 {[%clk 0:25:43]} Nd7
{[%clk 0:11:23]} 50. Bd4 {[%clk 0:18:01]} Rc1 {[%clk 0:11:39]} 51. Kg5
{[%clk 0:17:34]} Kf7 {[%clk 0:11:24]} 52. Bb5 {[%clk 0:17:45]} Nc5
{[%clk 0:07:55]} 53. f3 {[%clk 0:17:00]} Nb7 {[%clk 0:04:30]} 54. Bb6
{[%clk 0:10:38]} Rc3 {[%clk 0:04:51]} 55. Bc4 {[%clk 0:07:36]} Bxc4
{[%clk 0:04:30]} 56. bxc4 {[%clk 0:08:00]} Ke6 {[%clk 0:03:21]} 57. Kxg6
{[%clk 0:07:27]} Rxf3 {[%clk 0:03:23]} 58. Bc7 {[%clk 0:07:44]} Nc5
{[%clk 0:02:36]} 59. Rd6+ {[%clk 0:05:48]} Ke7 {[%clk 0:02:56]} 60. Rd5
{[%clk 0:06:03]} Ne6 {[%clk 0:01:07]} 61. Be5 {[%clk 0:05:52]} f4
{[%clk 0:01:08]} 62. Bf6+ {[%clk 0:04:18]} Ke8 {[%clk 0:01:16]} 63. Kf5
{[%clk 0:04:31]} Nf8 {[%clk 0:00:37]} 64. gxf4 {[%clk 0:04:35]} a4
{[%clk 0:00:57]} 65. Ra5 {[%clk 0:04:31]} Ra3 {[%clk 0:01:08]} 66. Ra8+
{[%clk 0:04:26]} Kd7 {[%clk 0:00:51]} 67. Rxf8 {[%clk 0:04:20]} Rxa2
{[%clk 0:01:18]} 68. Rb8 {[%clk 0:04:27]} b3 {[%clk 0:01:43]} 69. Rb5
{[%clk 0:03:13]} Rg2 {[%clk 0:01:05]} 70. Rb4 {[%clk 0:03:35]} Ra2
{[%clk 0:01:23]} 71. Kg5 {[%clk 0:04:00]} Ke6 {[%clk 0:01:35]} 72. Rb6+
{[%clk 0:04:03]} Kf7 {[%clk 0:01:48]} 73. Kxh5 {[%clk 0:04:21]} Rc2
{[%clk 0:02:03]} 74. Be5 {[%clk 0:04:26]} Rxc4 {[%clk 0:02:27]} 75. Kg5
{[%clk 0:04:44]} Re4 {[%clk 0:02:42]} 76. h5 {[%clk 0:04:56]} Re3
{[%clk 0:03:08]} 77. Ra6 {[%clk 0:04:49]} Rxe5+ {[%clk 0:02:29]} 78. fxe5
{[%clk 0:05:14]} b2 {[%clk 0:02:56]} 79. Rb6 {[%clk 0:05:30]} a3 {[%clk 0:03:19]}
80. h6 {[%clk 0:01:41]} a2 {[%clk 0:03:42]} 81. e6+ {[%clk 0:01:15]} Ke7
{[%clk 0:03:28]} 82. h7 {[%clk 0:01:09]} b1=Q {[%clk 0:00:55]} 83. Rxb1
{[%clk 0:00:48]} axb1=Q {[%clk 0:01:20]} 84. h8=Q {[%clk 0:01:03]} Kxe6
{[%clk 0:01:21]} 1/2-1/2

[Event "SS Manhem Chess Week 2016 GM and IM tournaments"]
[Site "Idrottsvägen 2, Mölnlycke, Sweden"]
[Date "2016.08.17"]
[Round "7.9"]
[White "Ask, Josef"]
[Black "Ziegler, Ari"]
[Result "1-0"]
[BlackElo "2301"]
[WhiteElo "2208"]
[LiveChessVersion "1.4.8"]

1. e4 {[%clk 1:30:41]} c5 {[%clk 1:30:45]} 2. d4 {[%clk 1:30:56]} cxd4
{[%clk 1:31:07]} 3. c3 {[%clk 1:31:21]} dxc3 {[%clk 1:31:33]} 4. Nxc3
{[%clk 1:31:46]} Nc6 {[%clk 1:31:57]} 5. Nf3 {[%clk 1:32:06]} d6 {[%clk 1:32:23]}
6. Bc4 {[%clk 1:32:26]} a6 {[%clk 1:32:51]} 7. O-O {[%clk 1:31:49]} Nf6
{[%clk 1:30:22]} 8. Bf4 {[%clk 1:31:10]} e5 {[%clk 1:21:46]} 9. Be3
{[%clk 1:27:23]} Be7 {[%clk 1:20:56]} 10. a3 {[%clk 1:17:54]} O-O
{[%clk 1:19:56]} 11. b4 {[%clk 1:17:03]} Bg4 {[%clk 1:14:57]} 12. Rc1
{[%clk 1:10:54]} Rc8 {[%clk 1:14:06]} 13. Ba2 {[%clk 1:06:28]} Nd4
{[%clk 1:09:18]} 14. Bxd4 {[%clk 1:05:39]} exd4 {[%clk 1:09:28]} 15. Qxd4
{[%clk 1:05:51]} Bxf3 {[%clk 1:09:53]} 16. gxf3 {[%clk 1:06:14]} Nh5
{[%clk 1:09:59]} 17. Nd5 {[%clk 1:03:06]} Rxc1 {[%clk 1:10:04]} 18. Rxc1
{[%clk 1:03:13]} Bg5 {[%clk 1:10:24]} 19. Rc7 {[%clk 0:55:39]} Nf4
{[%clk 1:09:53]} 20. Qb6 {[%clk 0:55:40]} Nxd5 {[%clk 1:04:07]} 21. Bxd5
{[%clk 0:55:34]} Qf6 {[%clk 1:04:07]} 22. Rxb7 {[%clk 0:39:22]} h5
{[%clk 0:51:01]} 23. Kg2 {[%clk 0:35:55]} Bf4 {[%clk 0:44:08]} 24. Qxa6
{[%clk 0:33:06]} Be5 {[%clk 0:42:47]} 25. Rc7 {[%clk 0:31:40]} Qf4
{[%clk 0:39:59]} 26. Qa7 {[%clk 0:30:34]} Qxh2+ {[%clk 0:37:16]} 27. Kf1
{[%clk 0:31:00]} Qf4 {[%clk 0:37:38]} 28. Qe3 {[%clk 0:28:49]} Qf6
{[%clk 0:37:44]} 29. b5 {[%clk 0:25:24]} h4 {[%clk 0:34:18]} 30. f4
{[%clk 0:24:25]} Bxf4 {[%clk 0:09:32]} 31. Qf3 {[%clk 0:23:14]} Qh6
{[%clk 0:09:51]} 32. Qh3 {[%clk 0:16:10]} Qf6 {[%clk 0:04:13]} 33. b6
{[%clk 0:15:05]} Bg3 {[%clk 0:01:18]} 34. Qf5 {[%clk 0:14:51]} Qa1+
{[%clk 0:00:54]} 35. Kg2 {[%clk 0:15:03]} Qxa3 {[%clk 0:00:33]} 36. Bxf7+
{[%clk 0:14:45]} 1-0

[Event "SS Manhem Chess Week 2016 GM and IM tournaments"]
[Site "Idrottsvägen 2, Mölnlycke, Sweden"]
[Date "2016.08.17"]
[Round "7.10"]
[White "Andersson, Tommy"]
[Black "Nygren, Kim"]
[Result "1-0"]
[BlackElo "2240"]
[WhiteElo "2386"]
[LiveChessVersion "1.4.8"]

1. d4 {[%clk 1:30:56]} Nf6 {[%clk 1:24:00]} 2. c4 {[%clk 1:30:13]} e6
{[%clk 1:23:21]} 3. Nf3 {[%clk 1:30:28]} d5 {[%clk 1:22:20]} 4. Nc3
{[%clk 1:28:57]} c6 {[%clk 1:21:29]} 5. e3 {[%clk 1:28:36]} Nbd7 {[%clk 1:21:35]}
6. Bd3 {[%clk 1:26:59]} dxc4 {[%clk 1:21:33]} 7. Bxc4 {[%clk 1:27:19]} b5
{[%clk 1:21:42]} 8. Bd3 {[%clk 1:25:02]} Bb7 {[%clk 1:20:45]} 9. e4
{[%clk 1:24:38]} b4 {[%clk 1:17:37]} 10. Na4 {[%clk 1:19:51]} Be7
{[%clk 1:17:02]} 11. O-O {[%clk 1:13:14]} O-O {[%clk 1:14:43]} 12. Be3
{[%clk 1:10:00]} Qa5 {[%clk 1:12:22]} 13. Qc2 {[%clk 1:06:13]} Qh5
{[%clk 1:10:17]} 14. h3 {[%clk 1:02:50]} Rac8 {[%clk 1:04:13]} 15. Nc5
{[%clk 0:59:27]} Nxc5 {[%clk 0:55:42]} 16. dxc5 {[%clk 0:56:39]} Nd7
{[%clk 0:52:46]} 17. Rac1 {[%clk 0:50:45]} g5 {[%clk 0:47:15]} 18. Qc4
{[%clk 0:44:19]} a5 {[%clk 0:42:22]} 19. e5 {[%clk 0:42:40]} Ra8 {[%clk 0:40:25]}
20. Qe4 {[%clk 0:39:54]} Ba6 {[%clk 0:37:53]} 21. Bxa6 {[%clk 0:38:33]} Rxa6
{[%clk 0:38:19]} 22. Rfd1 {[%clk 0:38:52]} Rd8 {[%clk 0:34:25]} 23. Rd4
{[%clk 0:36:56]} Kg7 {[%clk 0:26:41]} 24. Qd3 {[%clk 0:30:03]} Ra7
{[%clk 0:26:51]} 25. Qd2 {[%clk 0:29:56]} h6 {[%clk 0:26:21]} 26. Rd3
{[%clk 0:25:57]} Qg6 {[%clk 0:24:38]} 27. Rd1 {[%clk 0:25:24]} Rc7
{[%clk 0:18:31]} 28. a3 {[%clk 0:23:25]} bxa3 {[%clk 0:13:53]} 29. bxa3
{[%clk 0:23:01]} Ra7 {[%clk 0:10:47]} 30. Qc3 {[%clk 0:22:19]} h5
{[%clk 0:09:46]} 31. Nxg5 {[%clk 0:21:30]} 1-0

[Event "SS Manhem Chess Week 2016 GM and IM tournaments"]
[Site "Idrottsvägen 2, Mölnlycke, Sweden"]
[Date "2016.08.18"]
[Round "8.6"]
[White "Fries-Nielsen, Jens Ove"]
[Black "Kumar, Rahul"]
[Result "1-0"]
[BlackElo "2184"]
[WhiteElo "2369"]
[LiveChessVersion "1.4.8"]

1. e4 {[%clk 1:29:50]} d6 {[%clk 1:22:53]} 2. Bc4 {[%clk 1:29:20]} Nf6
{[%clk 1:20:38]} 3. d3 {[%clk 1:29:22]} Nc6 {[%clk 1:19:50]} 4. a3
{[%clk 1:29:08]} g6 {[%clk 1:19:14]} 5. Nc3 {[%clk 1:28:01]} a6 {[%clk 1:19:17]}
6. Nge2 {[%clk 1:28:17]} Bg7 {[%clk 1:18:43]} 7. O-O {[%clk 1:28:30]} e6
{[%clk 1:16:46]} 8. Ba2 {[%clk 1:28:43]} O-O {[%clk 1:17:00]} 9. f4
{[%clk 1:28:40]} Ne7 {[%clk 1:13:52]} 10. d4 {[%clk 1:28:59]} b6 {[%clk 1:12:56]}
11. e5 {[%clk 1:26:17]} Nd7 {[%clk 1:10:45]} 12. Be3 {[%clk 1:25:09]} Bb7
{[%clk 1:10:30]} 13. Bf2 {[%clk 1:23:56]} Nf5 {[%clk 1:08:58]} 14. Qe1
{[%clk 1:24:01]} c5 {[%clk 1:07:05]} 15. d5 {[%clk 1:13:11]} exd5
{[%clk 1:06:57]} 16. g4 {[%clk 1:12:24]} Nd4 {[%clk 0:59:50]} 17. Nxd4
{[%clk 1:11:13]} cxd4 {[%clk 1:00:11]} 18. Bh4 {[%clk 1:10:57]} Qb8
{[%clk 0:56:03]} 19. Nxd5 {[%clk 1:10:24]} dxe5 {[%clk 0:55:47]} 20. f5
{[%clk 1:10:53]} Bxd5 {[%clk 0:47:49]} 21. Bxd5 {[%clk 1:11:17]} Qd6
{[%clk 0:48:10]} 22. Bxa8 {[%clk 1:10:53]} Rxa8 {[%clk 0:48:34]} 23. Qe4
{[%clk 1:10:38]} Re8 {[%clk 0:48:09]} 24. b4 {[%clk 1:10:39]} a5 {[%clk 0:43:36]}
25. Rab1 {[%clk 1:10:34]} axb4 {[%clk 0:43:47]} 26. axb4 {[%clk 1:11:03]} Rc8
{[%clk 0:44:03]} 27. Ra1 {[%clk 1:08:54]} Nf6 {[%clk 0:34:07]} 28. Qb7
{[%clk 1:07:17]} Rf8 {[%clk 0:33:11]} 29. g5 {[%clk 1:05:47]} Nd7
{[%clk 0:30:33]} 30. Ra7 {[%clk 1:04:42]} Rd8 {[%clk 0:29:03]} 31. f6
{[%clk 1:00:50]} Bf8 {[%clk 0:29:19]} 32. Be1 {[%clk 1:01:17]} h6
{[%clk 0:24:19]} 33. h4 {[%clk 1:01:43]} Qe6 {[%clk 0:24:32]} 34. Qe4
{[%clk 0:59:10]} h5 {[%clk 0:24:21]} 35. Kg2 {[%clk 0:53:29]} Rc8
{[%clk 0:17:50]} 36. Ra8 {[%clk 0:42:39]} Rc4 {[%clk 0:13:01]} 37. Rd8
{[%clk 0:39:54]} Kh7 {[%clk 0:08:01]} 38. Bg3 {[%clk 0:33:35]} d3
{[%clk 0:01:29]} 39. Qxd3 {[%clk 0:33:13]} Qc6+ {[%clk 0:01:40]} 40. Kg1
{[%clk 0:29:56]} Rd4 {[%clk 0:00:33]} 41. Qb3 {[%clk 0:28:41]} Kg8
{[%clk 0:25:54]} 42. Re1 {[%clk 0:34:06]} b5 {[%clk 0:24:54]} 43. Qe3
{[%clk 0:26:33]} Kh7 {[%clk 0:13:51]} 44. c3 {[%clk 0:24:40]} Rc4
{[%clk 0:11:54]} 45. Qd2 {[%clk 0:09:43]} Qb6+ {[%clk 0:10:53]} 46. Bf2
{[%clk 0:09:42]} Qxd8 {[%clk 0:10:41]} 47. Rd1 {[%clk 0:10:11]} Rg4+
{[%clk 0:09:44]} 48. Kf1 {[%clk 0:09:18]} Qa8 {[%clk 0:10:07]} 49. Qd5
{[%clk 0:09:47]} Qc8 {[%clk 0:08:31]} 50. Qxf7+ {[%clk 0:09:01]} Kh8
{[%clk 0:08:33]} 51. Rxd7 {[%clk 0:08:38]} Qc4+ {[%clk 0:08:19]} 52. Qxc4 Rxc4
{[%clk 0:08:31]} 53. Rd8 {[%clk 0:09:23]} 1-0

[Event "SS Manhem Chess Week 2016 GM and IM tournaments"]
[Site "Idrottsvägen 2, Mölnlycke, Sweden"]
[Date "2016.08.18"]
[Round "8.7"]
[White "Franco Alonso, Alejandro"]
[Black "Andersson, Tommy"]
[Result "1-0"]
[BlackElo "2386"]
[WhiteElo "2430"]
[LiveChessVersion "1.4.8"]

1. Nf3 {[%clk 1:30:54]} d5 {[%clk 1:30:43]} 2. g3 {[%clk 1:30:38]} Nf6
{[%clk 1:29:04]} 3. Bg2 {[%clk 1:31:00]} e6 {[%clk 1:26:03]} 4. O-O
{[%clk 1:30:11]} Be7 {[%clk 1:23:29]} 5. c4 {[%clk 1:29:51]} O-O {[%clk 1:22:37]}
6. d4 {[%clk 1:30:08]} c6 {[%clk 1:23:03]} 7. Qc2 {[%clk 1:30:11]} b6
{[%clk 1:23:28]} 8. Nbd2 {[%clk 1:30:22]} Ba6 {[%clk 1:23:05]} 9. Ne5
{[%clk 1:29:39]} Nfd7 {[%clk 1:16:54]} 10. Nd3 {[%clk 1:29:34]} Nf6
{[%clk 1:06:00]} 11. Rd1 {[%clk 1:28:49]} Nbd7 {[%clk 1:05:58]} 12. e4
{[%clk 1:24:52]} dxc4 {[%clk 0:58:32]} 13. Nxc4 {[%clk 1:24:44]} Rc8
{[%clk 0:52:48]} 14. Bf4 {[%clk 1:14:04]} Nd5 {[%clk 0:43:08]} 15. Bd2
{[%clk 1:06:09]} N5f6 {[%clk 0:34:54]} 16. Rac1 {[%clk 1:00:09]} Bb7
{[%clk 0:25:37]} 17. Bf4 {[%clk 0:53:02]} Nb8 {[%clk 0:23:21]} 18. b4
{[%clk 0:48:47]} Ne8 {[%clk 0:19:58]} 19. a4 {[%clk 0:42:33]} Nd6
{[%clk 0:18:52]} 20. Nce5 {[%clk 0:42:21]} Bg5 {[%clk 0:17:43]} 21. Bxg5
{[%clk 0:35:04]} Qxg5 {[%clk 0:18:06]} 22. Nb2 {[%clk 0:34:58]} c5
{[%clk 0:14:16]} 23. h4 {[%clk 0:26:09]} Qf6 {[%clk 0:12:53]} 24. dxc5
{[%clk 0:24:39]} Qxe5 {[%clk 0:13:07]} 25. Rxd6 {[%clk 0:24:52]} bxc5
{[%clk 0:10:35]} 26. Nc4 {[%clk 0:22:04]} Qh5 {[%clk 0:08:33]} 27. b5
{[%clk 0:22:14]} f5 {[%clk 0:03:51]} 28. Rxe6 {[%clk 0:17:41]} fxe4
{[%clk 0:02:39]} 29. Bxe4 {[%clk 0:11:35]} Bxe4 {[%clk 0:02:37]} 30. Qxe4
{[%clk 0:12:00]} Nd7 {[%clk 0:02:41]} 31. Re7 {[%clk 0:12:01]} Nf6
{[%clk 0:02:04]} 32. Qe6+ {[%clk 0:12:18]} Kh8 {[%clk 0:02:27]} 33. Nd6
{[%clk 0:12:31]} Ra8 {[%clk 0:02:09]} 34. Nf7+ {[%clk 0:09:23]} Kg8
{[%clk 0:02:37]} 35. Ng5+ {[%clk 0:07:31]} Kh8 {[%clk 0:03:06]} 36. Nf7+
{[%clk 0:06:25]} Kg8 {[%clk 0:03:35]} 37. Ng5+ {[%clk 0:06:47]} Kh8
{[%clk 0:03:51]} 38. Rxc5 {[%clk 0:07:12]} Qd1+ {[%clk 0:04:01]} 39. Kg2
{[%clk 0:07:08]} Qd4 {[%clk 0:02:19]} 40. Nf7+ {[%clk 0:05:31]} Kg8
{[%clk 0:00:54]} 41. Rg5 {[%clk 0:27:03]} Rae8 {[%clk 0:27:58]} 42. Nd6+
{[%clk 0:25:04]} Kh8 {[%clk 0:28:19]} 43. Rxe8 {[%clk 0:24:52]} Nxe8
{[%clk 0:27:50]} 44. Nf7+ {[%clk 0:25:09]} Kg8 {[%clk 0:28:17]} 45. Nh6+
{[%clk 0:25:27]} Kh8 {[%clk 0:28:43]} 46. Qg8+ {[%clk 0:25:50]} Rxg8
{[%clk 0:29:08]} 47. Nf7# 1-0

[Event "SS Manhem Chess Week 2016 GM and IM tournaments"]
[Site "Idrottsvägen 2, Mölnlycke, Sweden"]
[Date "2016.08.18"]
[Round "8.8"]
[White "Nygren, Kim"]
[Black "Ask, Josef"]
[Result "1/2-1/2"]
[BlackElo "2208"]
[WhiteElo "2240"]
[LiveChessVersion "1.4.8"]

1. e4 {[%clk 1:27:28]} e5 {[%clk 1:30:40]} 2. Nf3 {[%clk 1:27:40]} Nc6
{[%clk 1:30:53]} 3. d4 {[%clk 1:27:04]} exd4 {[%clk 1:31:10]} 4. Nxd4
{[%clk 1:27:06]} Bb4+ {[%clk 1:30:22]} 5. c3 {[%clk 1:27:16]} Be7
{[%clk 1:30:22]} 6. Bc4 {[%clk 1:27:11]} d6 {[%clk 1:29:50]} 7. O-O
{[%clk 1:26:27]} Nf6 {[%clk 1:29:26]} 8. Re1 {[%clk 1:26:27]} O-O
{[%clk 1:26:45]} 9. Nd2 {[%clk 1:22:35]} Ne5 {[%clk 1:23:13]} 10. Bb3
{[%clk 1:16:38]} c6 {[%clk 1:21:41]} 11. Nf1 {[%clk 1:14:21]} Re8
{[%clk 1:16:14]} 12. Ng3 {[%clk 1:13:26]} Bf8 1/2-1/2

[Event "SS Manhem Chess Week 2016 GM and IM tournaments"]
[Site "Idrottsvägen 2, Mölnlycke, Sweden"]
[Date "2016.08.18"]
[Round "8.9"]
[White "Efroimski, Marsel"]
[Black "Fendrich, David"]
[Result "0-1"]
[BlackElo "2201"]
[WhiteElo "2329"]
[LiveChessVersion "1.4.8"]

1. e4 {[%clk 1:28:47]} d6 {[%clk 1:30:50]} 2. d4 {[%clk 1:29:14]} e5
{[%clk 1:31:14]} 3. dxe5 {[%clk 1:29:05]} dxe5 {[%clk 1:31:37]} 4. Qxd8+
{[%clk 1:29:32]} Kxd8 {[%clk 1:32:02]} 5. Nc3 {[%clk 1:29:46]} c6
{[%clk 1:32:26]} 6. f4 {[%clk 1:28:29]} Nd7 {[%clk 1:32:32]} 7. Nf3
{[%clk 1:28:43]} f6 {[%clk 1:32:24]} 8. Be3 {[%clk 1:21:52]} Kc7 {[%clk 1:31:24]}
9. O-O-O {[%clk 1:21:08]} Bd6 {[%clk 1:30:35]} 10. g3 {[%clk 1:20:08]} Nh6
{[%clk 1:28:59]} 11. h3 {[%clk 1:14:36]} Nf7 {[%clk 1:28:37]} 12. Bc4
{[%clk 1:13:53]} Rf8 {[%clk 1:27:02]} 13. Rh2 {[%clk 1:07:39]} b6
{[%clk 1:09:58]} 14. Kb1 {[%clk 0:46:07]} a5 {[%clk 0:57:48]} 15. Rhd2
{[%clk 0:29:56]} Bc5 {[%clk 0:54:10]} 16. Bxc5 {[%clk 0:30:09]} Nxc5
{[%clk 0:54:34]} 17. Bxf7 {[%clk 0:27:50]} Rxf7 {[%clk 0:54:56]} 18. fxe5
{[%clk 0:28:17]} Bxh3 {[%clk 0:43:12]} 19. exf6 {[%clk 0:28:16]} Rxf6
{[%clk 0:40:20]} 20. Nd4 {[%clk 0:25:18]} Bg4 {[%clk 0:39:01]} 21. Re1
{[%clk 0:24:26]} Raf8 {[%clk 0:28:27]} 22. Nf5 {[%clk 0:22:09]} g6
{[%clk 0:24:35]} 23. Ne3 {[%clk 0:22:32]} Be6 {[%clk 0:24:35]} 24. a4
{[%clk 0:19:59]} Rf3 {[%clk 0:24:09]} 25. Rg2 {[%clk 0:17:43]} Rxe3
{[%clk 0:23:34]} 0-1